000 02641nam a2200325 a 4500
001 ASIN1119965950
003 OSt
005 20180116192422.0
008 140509s2013 xxu eng d
020 _a1119965950 (paperback)
_c$45.00
020 _a9781119965954 (paperback)
040 _csada
050 0 4 _aNA3320
082 0 4 _a729
100 1 _aPicon, Antoine.
_97537
245 1 0 _aOrnament :
_bthe politics of architecture and subjectivity /
_cAntoine Picon.
250 _a1st ed.
260 _a[S.l.] :
_bWiley,
_c2013.
300 _a168 p. ;
_c23 cm.
440 _aAD primers
_97538
520 _aOnce condemned by Modernism and compared to a ‘crime’ by Adolf Loos, ornament has made a spectacular return in contemporary architecture. This is typified by the works of well-known architects such as Herzog & de Meuron, Sauerbruch Hutton, Farshid Moussavi Architecture and OMA. There is no doubt that these new ornamental tendencies are inseparable from innovations in computer technology. The proliferation of developments in design software has enabled architects to experiment afresh with texture, colour, pattern and topology. Though inextricably linked with digital tools and culture, Antoine Picon argues that some significant traits in ornament persist from earlier Western architectural traditions. These he defines as the ‘subjective’ – the human interaction that ornament requires in both its production and its reception – and the political. Contrary to the message conveyed by the founding fathers of modern architecture, traditional ornament was not meant only for pleasure. It conveyed vital information about the designation of buildings as well as about the rank of their owners. As such, it participated in the expression of social values, hierarchies and order. By bringing previous traditions in ornament under scrutiny, Picon makes us question the political issues at stake in today’s ornamental revival. What does it tell us about present-day culture? Why are we presently so fearful of meaning in architecture? Could it be that by steering so vehemently away from symbolism, contemporary architecture is evading any explicit contribution to collective values?
650 0 _aArchitectural design--Data processing
_97539
650 0 _aArchitecture and society
_97540
650 0 _aArchitecture, Modern
_97541
650 0 _aArchitecture--Psychological aspects
_97542
650 0 _aDecoration and ornament, Architectural
_97543
650 0 _aSymbolism in architecture
_97544
856 4 0 _3Amazon.com
_uhttp://www.amazon.com/exec/obidos/ASIN/1119965950/chopaconline-20
942 _2ddc
_cBK
999 _c353947
_d353947